Για μια συντροφιά ανάμεσά μας
Αποθηκεύτηκε σε:
| Κύριος συγγραφέας: | |
|---|---|
| Μορφή: | Βιβλίο |
| Γλώσσα: | Greek |
| Δημοσίευση: |
Αθήνα :
Κέδρος,
[2006].
|
| Θέματα: | |
| Ετικέτες: |
Προσθήκη ετικέτας
Δεν υπάρχουν, Καταχωρήστε ετικέτα πρώτοι!
|
MARC
| LEADER | 00000cam a2200000 i 4500 | ||
|---|---|---|---|
| 001 | 1/49748 | ||
| 008 | 070731s2005 gr | ||| |||| ||gre|| | ||
| 020 | |a 9600428867 | ||
| 035 | |l 10089271 | ||
| 040 | |a GR-MyUa |b gre |e AACR2 | ||
| 041 | 0 | |a gre | |
| 082 | 7 | |a 889.3 |2 (22) | |
| 100 | 1 | |a Θέμελης, Νίκος, |d 1947-2011. | |
| 245 | 1 | 0 | |a Για μια συντροφιά ανάμεσά μας / |c Νίκος Θέμελης. |
| 260 | |a Αθήνα : |b Κέδρος, |c [2006]. | ||
| 300 | |a 335 σ. ; |c 21 εκ. | ||
| 500 | |a Το παράρτημα Σάμου διαθέτει την 38η ανατύπωση του 2006. | ||
| 650 | 0 | 0 | |a Greek fiction, Modern. |
| 852 | |a INST |b SAMOS |e 20070731 |h 889.3 ΘΕΜ |p 005300025672 |q 005300025672 |t BK |y 0 | ||
| 901 | |a BIBL3-2007-2 | ||
| 922 | |a 3ΕΛΗ |b 200707 |c ΕΠΕΑΕΚ2/ΤΜΗΜΑ ΜΑΘΗΜΑΤΙΚΩΝ |d Σ. ΠΑΤΑΚΗΣ | ||
| 970 | |a ΜΑΛΑΓΑΡΗ |b ΦΩΤΕΙΝΗ |z 2007/07/31 | ||